000 01364namaa22003131i 4500
005 20260301124819.0
008 260104s1996 ua a|||frm||| 000 0 eng d
040 _aEG-GICUC
_beng
_cEG-GICUC
_dEG-GICUC
_erda
041 0 _aeng
_beng
_bara
049 _aDeposit
097 _aM.Sc
099 _aCai01.10.10.M.Sc.1996.Me.B
100 0 _aMedhat Ahmed Sadek Abd El Rahman,
_epreparation.
245 1 0 _aBacteriological and immunological studies on paratyphoid in ducks /
_cBy Medhat Ahmed Sadek Abd El Rahman ; Supervised Prof.Dr. Mohamed Kamal Refal, Dr. Magdy Mahfouz Awad.
246 1 5 _aدراسات بتكريولوجية ومناعية عن الباراتيفود فى البط
264 0 _c1996
300 _a153 Leaves :
_billustrations ;
_c30 cm. +
336 _2rda content
_atext
337 _2rdamedia
_aUnmediated
338 _2rdacarrier
_avolume
502 _a Thesis (M.Sc.)-Cairo University, 1996
504 _aBibliography: pages 128-153
653 0 _aBacteriological and immunological
_aparatyphoid in ducks
700 0 _a Mohamed Kamal Refal
_ethesis advisor.
700 0 _aMagdy Mahfouz Awad
_ethesis advisor.
900 _DDepartment of Bacteriology, Mycology and immunology
_FFaculty of Veterinary Medicine
_UCairo University
_b1996
_cMohamed Kamal Refal
_cMagdy Mahfouz Awad
905 _aNagat
_eNourhan
942 _2ddc
_cTH
_e21
_n0
999 _c177347